| 000 | 01632cam a22003134a 4500 | ||
|---|---|---|---|
| 999 |
_c129315 _d129315 |
||
| 001 | 13015214 | ||
| 003 | ARRUPE | ||
| 005 | 20190329113344.0 | ||
| 008 | 021127s2003 nyu b 001 0 eng | ||
| 010 | _a 2002154760 | ||
| 020 | _a0415943833 (alk. paper) | ||
| 040 |
_aDLC _cDLC _dDLC |
||
| 042 | _apcc | ||
| 043 | _af-rh--- | ||
| 050 | 0 | 0 |
_aHC910 _b.B67 2005 |
| 082 | 0 | 0 |
_a361.7/5/096891 _221 |
| 100 | 1 |
_aBornstein, Erica, _d1963- _945580 |
|
| 245 | 1 | 4 |
_aThe spirit of development : _bProtestant NGOs, morality, and economics in Zimbabwe / _cErica Bornstein. |
| 260 |
_aCalifornia : _bStanford University Press, _c2005. |
||
| 300 |
_axii, 213 p. ; _c23 cm. |
||
| 490 | 1 |
_aReligion in history, society and culture ; _v2 |
|
| 504 | _aIncludes bibliographical references (p. 193-208) and index. | ||
| 505 | 0 | _aBackground : three perspectives on missions in Zimbabwe -- Theologies of development : faith, holism, and lifestyle evangelism -- Child sponsorship, evangelism, and belonging -- The politics of transcendence -- Participation as a religious act -- Good, evil, and the legitimation of success. | |
| 650 | 0 |
_aNon-governmental organizations _zZimbabwe. _945581 |
|
| 650 | 0 |
_aChristianity _zZimbabwe. _919410 |
|
| 651 | 0 |
_aZimbabwe _xEconomic policy _xMoral and ethical aspects. _945582 |
|
| 830 | 0 |
_aReligion in history, society & culture ; _v2. _945583 |
|
| 906 |
_a7 _bcbc _corignew _d1 _eecip _f20 _gy-gencatlg |
||
| 942 |
_2lcc _cMONOGRAPH |
||